Eastern Utah Libraries Catalog: Duchesne, Heber, Roosevelt, & Vernal

The queen : (Record no. 407268)

MARC details
000 -LEADER
fixed length control field 01463nam a2200337 i 4500
001 - CONTROL NUMBER
control field in902898236
003 - CONTROL NUMBER IDENTIFIER
control field Ingram
005 - DATE AND TIME OF LATEST TRANSACTION
control field 20250423094833.0
008 - FIXED-LENGTH DATA ELEMENTS--GENERAL INFORMATION
fixed length control field 241101s2024 nyua 000 1 eng d
020 ## - INTERNATIONAL STANDARD BOOK NUMBER
International Standard Book Number 9781668020975
Qualifying information (hardback)
035 ## - SYSTEM CONTROL NUMBER
System control number (OCoLC)1461926672
040 ## - CATALOGING SOURCE
Original cataloging agency TnLvILS
Language of cataloging eng
Description conventions rda
Transcribing agency TnLvILS
082 04 - DEWEY DECIMAL CLASSIFICATION NUMBER
Classification number 813/.6
Edition number 23/eng/20241101
100 1# - MAIN ENTRY--PERSONAL NAME
Personal name Cutter, Nick,
Relator term author.
9 (RLIN) 5897536
245 14 - TITLE STATEMENT
Title The queen :
Remainder of title a novel /
Statement of responsibility, etc Nick Cutter.
250 ## - EDITION STATEMENT
Edition statement First Gallery Books hardcover edition.
264 #1 - Production, Publication, Distribution, Manufacture, and Copyright Notice.
Place of production, publication, distribution, manufacture New York :
Name of producer, publisher, distributor, manufacturer Gallery Books,
Date of production, publication, distribution, manufacture, or copyr 2024.
300 ## - PHYSICAL DESCRIPTION
Extent 374 pages :
Other physical details illustrations ;
Dimensions 24 cm
336 ## - Content Type
Content type term text
337 ## - Media type
Media type term unmediated
338 ## - Carrier type
Carrier type term volume
520 ## - SUMMARY, ETC.
Summary, etc "On a sunny morning in June, Margaret Carpenter wakes up to find a new iPhone on her doorstep. She switches it on to find a text from her best friend, Charity Atwater. The problem is, Charity's been missing for over a month. Most people in town--even the police--think she's dead" --
-- Provided by publisher.
588 ## -
-- Description based on publisher data; resource not viewed.
-- TnLvILS
650 #0 - SUBJECT ADDED ENTRY--TOPICAL TERM
Topical term or geographic name as entry element Best friends
Form subdivision Fiction.
9 (RLIN) 5675106
650 #0 - SUBJECT ADDED ENTRY--TOPICAL TERM
Topical term or geographic name as entry element High school seniors
Form subdivision Fiction.
9 (RLIN) 6384232
650 #0 - SUBJECT ADDED ENTRY--TOPICAL TERM
Topical term or geographic name as entry element Missing persons
Form subdivision Fiction.
650 #0 - SUBJECT ADDED ENTRY--TOPICAL TERM
Topical term or geographic name as entry element Secrecy
Form subdivision Fiction.
9 (RLIN) 5674238
650 #0 - SUBJECT ADDED ENTRY--TOPICAL TERM
Topical term or geographic name as entry element Text messages (Cell phone systems)
Form subdivision Fiction.
9 (RLIN) 6374729
655 #7 - INDEX TERM--GENRE/FORM
Genre/form data or focus term Horror fiction.
Source of term lcgft
655 #7 - INDEX TERM--GENRE/FORM
Genre/form data or focus term Thrillers (Fiction)
Source of term lcgft
Holdings
Withdrawn status Lost status Source of classification or shelving scheme Damaged status Not for loan Collection code Home library Current library Shelving location Date acquired Source of acquisition Total Checkouts Total Renewals Full call number Barcode Date last seen Date checked out Cost, replacement price Price effective from Koha item type
    Dewey Decimal Classification     Fiction Wasatch County Library Wasatch County Library First Floor 04/25/2025   1 2 F Cutter 34301002153775 11/24/2025 05/23/2025 28.99 04/25/2025 BOOK
    Dewey Decimal Classification     Fiction Wasatch County Library Wasatch County Library First Floor 08/07/2025 Ingram 4 3 F Cutter 34301002163535 12/01/2025 10/14/2025 28.99 08/07/2025 BOOK
This project was made possible through a grant from the Institute of Museum and Library Service administered by the Utah State Library Division.

Wasatch County Library

  • 465 East 1200 South, Heber City, Utah 84032
  • Phone 435-654-1511 | Fax 435-654-6456

Hours

  • Monday - Friday 9:30 AM - 8:00 PM
  • Saturday 9:30 AM - 1:30 PM
  • Closed Sundays and Holidays